Rebelais : la educación y el renacimiento fránces.

Gardado en:
Detalles Bibliográficos
Autor Principal: Pichardo Paredes, Juan Josafat (autor)
Formato: Libro
Idioma:Lingua castelá
Series:(Biblioteca pedagógica ; no. 14)
Temas:
Etiquetas: Engadir etiqueta
Sen Etiquetas, Sexa o primeiro en etiquetar este rexistro!

MARC

LEADER 00000cam^a2200000uu^4500
001 000479930
005 20250521000000.0
008 050901s1986^^^^^^^^^^^^rd^r^^000^0^spa^d
009 20260310124950.788
022 |a 968601120X 
035 |a FCE 000022937 
035 |a FCE 004116 
037 |a Acervo ITESO - Biblioteca 
041 |a spa 
082 0 4 |a 082.1  |b SECa 14 
100 |a Pichardo Paredes, Juan Josafat  |e (autor) 
245 1 0 |a Rebelais :  |b la educación y el renacimiento fránces. 
264 |a México :  |b SEP : El Caballito,  |c 1986. 
300 |a 158 p. 
336 |a texto  |b txt  |2 rdacontenido 
337 |a sin mediación  |b n  |2 rdamedio 
338 |a volumen  |b nc  |2 rdasoporte 
440 0 |a (Biblioteca pedagógica ;  |v no. 14) 
649 |a XX 
650 |a Literatura 
650 |a Antología 
650 |a Capacitación 
650 |a Francia 
910 |a Fondo Centro de Estudios Educativos 
920 |a Impresos - Libros 
930 |a Fondos Especiales 
905 |a 133 
901 |a ALE004116  |b IT2  |c CEE  |u 20250521 
901 |a ALE045378  |b IT2  |c CEE  |u 20250521 
901 |a ALE045379  |b IT2  |c CEE  |u 20250521 
902 |a https://opac.biblio.iteso.mx/vufind/Record/000479930